000 00843nam a2200229 i 4500
001 181306
003 ES-MaACL
005 20251012063102.0
008 121207s2011 sp | |||||||| | spa d
020 _a84-89629-72-2
080 _a821.134.2-14"19"
100 1 _aSanjuán, Eladio,
_d1945-
_9151927
245 1 0 _aEncinas rotas :
_bpoesías /
_cEladio San Juan Brasero.
260 _a[Pinto, Madrid] :
_bAsociación Cultural, Literaria y Artística Encuentro de Aromas,
_c2011.
300 _a163 p. ;
_c20 cm.
490 1 _aEl búho de Minerva ;
_vn. 81
830 0 _aEl búho de Minerva ;
_vn. 81
_9191429
852 _aES-MaACL
_jA-12356
_9188190
_bR.148590
_cDEPO1
_dOlim: N-5361
_xDonación: Eladio Sanjuán Brasero
903 _aSanjuán, Eladio,
_d1945-
_ednr
_9151927
942 _2udc
_cMONOGRAFIA
999 _c181306
_d181306